| 000 | 01182nam a2200277 a 4500 | ||
|---|---|---|---|
| 005 | 20200104041534.0 | ||
| 008 | 140306s2003 ck fr|||| 000 0 spa d | ||
| 020 | _a9587012763 | ||
| 040 |
_aCO-BoIAVH _cCO-BoIAVH |
||
| 041 | 0 | _aspa | |
| 044 | _ack | ||
| 082 | 0 | 4 |
_a338.9 _bU58p2 |
| 110 | 2 | _bUniversidad Nacional de Colombia | |
| 245 | 1 | 0 |
_aProvidencia y Santa Catalina Islas : _bmodelo municipal de desarrollo sostenible, plan de acción |
| 260 |
_aProvidencia (Colombia) : _bIDEA : _bAlcaldía Municipal de Providencia : _bECOASTUR : _bCOLCIENCIAS : _bFINDEPAC, _c2003. |
||
| 300 |
_a47 páginas : _c22 x 14 cm. |
||
| 650 | 1 | 6 | _aDesarrollo sostenible |
| 650 | 1 | 6 | _aPlanes de acción |
| 650 | 2 | 6 | _aIslas caribeñas |
| 650 | 2 | 6 | _aTurismo sostenible |
| 662 |
_aColombia _dProvidencia y Santa Catalina Islas _bArchipiélago de San Andrés y Providencia |
||
| 710 | 2 | _aInstituto de Estudios Ambientales, IDEA | |
| 710 | 2 | _aDepartamento Administrativo de Ciencia, Tecnología e Innovación, COLCIENCIAS | |
| 710 | 2 | _aFoundatión for the Integral Development of Old Providence and Santa Catalina, FINDEPAC | |
| 942 |
_cLIBRO _2ddc |
||
| 999 |
_c2651 _d2651 |
||